000 01000nas a2200265 4500
001 BR8103398
003 BR-BrBNA
005 20231205084751.0
007 ta
008 230509b bl.|||p| |||| 00| 00por d
040 _aBR-BrBNA
_bpor
_cBiblioteca Nacional de Agricultura
041 _a(Pt)
072 _aH10
100 1 _aBastos, J.A.M.
100 1 _aFigueiredo, R.W. de
245 1 _aPopulacao do trips vermelho da manicoba, Retithrips syriacus (Mayet, 1890), em junho de 1980, na fazenda Raposa, municipio de Maranguape, Ceara, Brasil [Manihot glaziovii]
246 1 _a["Manicoba" red thrips, Retithrips syriacus (Mayet, 1890), in the period of June, 1980 at "Raposa farm", Maranguape county, Ceara, Brazil [Manihot glaziovii]]
650 _aPraga de planta
650 _aManicoba
650 _aTrips
650 _aCeara
773 0 _tFitossanidade (Brazil)
_xISSN 0100-4204
_g(Dec 1980), v. 4(1) p. 8
_wBR8103398
909 _a202311
_bLúcia
_c55
_dLúcia Elande
942 _2AGRIS
_n0
_cANA
999 _c107162
_d107162